Стенограмма 1-го Заседания Пленума 3-й Сессии ЦИК СССР 7-го созыва. /Вечер/. /Авторско-редакцион./

Доступно только в Электронных читальных залах Найти на картеНа карте
RUSMARC
00004529nac2a22003013x 450
001bdb08708-2a48-47ce-a2ed-963504e53080
00520210719180119.0
100##$a20210612l1937 k y0rusy50 ca
1010#$arus
102##$aRU
105##$ay z |||||
1220#$ad19370111
2001#$aСтенограмма 1-го Заседания Пленума 3-й Сессии ЦИК СССР 7-го созыва. /Вечер/. /Авторско-редакцион./
$j11.01.1937
215##$a207 листов
251##$cДело
300##$aЗаголовок дела на папке: Стенограмма 1-го Заседания Пленума 3-й Сессии ЦИК СССР VII-го созыва. 11 января 1937 года. (Вечер)
300##$aАвторско-редакционный экземпляр
300##$aМашинописный и рукописный текст
330##$aВходит в раздел описи: VII-й Съезд Советов. 3-я Сессия ЦИК СССР
461#0$1001796d4672-8a00-4986-b488-6e42273792cc
$12001
$aЦЕНТРАЛЬНЫЙ ИСПОЛНИТЕЛЬНЫЙ КОМИТЕТ СССР (ЦИК СССР)
$1251
$cФонд
$1852
$j3316
$gР
462#0$10012246e4af-064a-4b66-b386-cae0ddb7fb2d
$12001
$aДела 7-го Съезда Советов и 1-й, 2-й, 3-й, 4-й Сессий 7-го созыва. 1935-1937 гг.
$vД. 175
$1251
$cОпись
$1852
$j7
5171#$aСтенограмма 1-го Заседания Пленума 3-й Сессии ЦИК СССР VII-го созыва. 11 января 1937 года. (Вечер)
60101$3RU\NLR\AUTH\880357276
$aСССР
$bЦИК
60102$3RU\NLR\AUTH\880399377
$aСССР
$bЦИК
$bСозыв
$c7
$bСессия
$d3
60102$aСССР. ЦИК. Созыв (7). Сессия (3). Заседание Пленума (1)
801#0$aRU
$bGA_RF
801#1$aRU
$bГлавНИВЦ
$c20210612
$2rusmarc
801#2$aRU
$bПБ им. Б.Н. Ельцина
$c20210719
$gRCR
$2rusmarc
852##$aГА РФ
$j175
937##$d166417912
$hГАРФ
035##$aRuPRLIB51060630
856##$uhttp://readingroom.main.prlib.ru/item.aspx?id_node=n166417912&mode=full
Формат отображения